000 00769nam a2200277Ia 4500
003 OSt
005 20221007110425.0
006 a|||||r|||| 00| 0
007 ta
008 221006b |||||||| |||| 00| 0 eng d
020 _a0803916981
024 _a21,109
037 _cTextual
040 _aLCO
_cLCO
_beng
041 _2eng
_aeng
082 _aY773:45, M1
100 _aHakim Simon Ed.
_9707463
245 0 _aCrime Spillover
260 _aLondon
_bSage Publications U.K.
_c1981
300 _a151
500 _aSage Research Progress Series in Criminology, Volume- 23
650 _aCRIME
700 _a Rengert George Ed.
_9707464
942 _hY773:45, M1
_cTEXL
999 _c1190672
_d1190672